| 000 | 01620nam2a22002531 4500 | ||
|---|---|---|---|
| 001 | RU\NLR\INFOCOMM31\1000042893 | ||
| 005 | 20250617061604.0 | ||
| 035 | _a(NLR Aleph) 002515759 | ||
| 090 |
_a2719520 _c2719520 |
||
| 100 | _a20040412d1967 |||y0rusy50 ca | ||
| 101 | 0 | _arus | |
| 102 | _aRU | ||
| 105 | _ay ||||||||| | ||
| 200 | 1 |
_aНаиболее частые ошибки в практике ВТЭ больных туберкулезом легких и пути их устранения _fН.В. Татарский |
|
| 210 |
_d1967 _aБ. м. |
||
| 461 | 0 |
_1001RU\NLR\INFOCOMM31\1000042865 _12001#$aМетодическое письмо$fМ-во соц. обесп. РСФСР. Упр. врач.-труд. экспертизы. Ленингр. науч.-исслед. ин-т экспертизы трудоспособности и трудоустройства инвалидов$v№28 _92719401 _aЛенинградский научно-исследовательский институт экспертизы трудоспособности и трудоустройства инвалидов _cЛ. _d1957- _fМ-во соц. обесп. РСФСР. Упр. врач.-труд. экспертизы. Ленингр. науч.-исслед. ин-т экспертизы трудоспособности и трудоустройства инвалидов _tМетодическое письмо _v№28 |
|
| 700 | 1 |
_aТатарский _bН.В. _4070 |
|
| 801 | 1 |
_aRU _bInfoComm _c20040412 |
|
| 801 | 0 |
_aRU _bNLR _gPSBO |
|
| 852 |
_aNLR _jП49/137 |
||
| 942 | _cISSUE | ||
| 980 | _aNB | ||
| 980 | _aRUSPER | ||